000 00346nam a2200133Ia 4500
008 151001s9999||||xx |||||||||||||| ||und||
100 _aमोनिका गजेंद्रगडकर
245 _aभूप
250 _a1
260 _bपुणे प्रकाशन
260 _c2004
300 _a152
365 _b21
999 _c983679
_d983676